| 000 | 01580nam0a22002891 4500 | ||
|---|---|---|---|
| 001 | rc\4748168 | ||
| 005 | 20260407041747.0 | ||
| 021 |
_aRU _b[63-97205] |
||
| 035 | _a(NLR Aleph) 009008714 | ||
| 090 |
_a9353620 _c9353620 |
||
| 100 | _a20130417d1963 |||y0rusy50 ca | ||
| 101 | 0 | _arus | |
| 102 | _aRU | ||
| 105 | _aa z ||||| | ||
| 200 | 1 |
_aИсследование и совершенствование техники и технологии добычи марганцевых руд Никопольского и Больше-Токмакского районов Приднепровского бассейна _eКраткий науч. отчет _fИн-т горного дела им. А.А. Скочинского. Лаборатория разработки месторождений открытым способом |
|
| 210 |
_aМосква _cБ. и. _d1963 |
||
| 215 |
_a42 с. _cчерт. _d21 |
||
| 300 | _aПеред загл. авт.: канд. техн. наук А.С. Красников | ||
| 606 |
_aМарганцевые месторождения _yУкраинская ССР _2psbo |
||
| 606 |
_aМарганцевые руды _xДобыча _2psbo |
||
| 701 | 1 |
_aКрасников _bА.С. |
|
| 710 | 0 | 2 |
_aИнститут горного дела им. А.А.Скочинского _cМосква _bЛаборатория разработки месторождений открытым способом _3RU\NLR\AUTH\8810013921 _9525752 |
| 801 | 0 |
_aRU _bNLR _gpsbo |
|
| 801 | 1 |
_aRU _bELAR _2rusmarc |
|
| 852 |
_aNLR _j64-4/633 |
||
| 942 | _cBOOK | ||
| 980 | _aNB | ||